header

Infinite dimensional groups and manifolds (Record no. 117096)

MARC details
000 -LEADER
fixed length control field 01498nam a22003734a 4500
082 04 - DEWEY DECIMAL CLASSIFICATION NUMBER
Classification number 512/.55
245 00 - TITLE STATEMENT
Title Infinite dimensional groups and manifolds
260 ## - PUBLICATION, DISTRIBUTION, ETC. (IMPRINT)
Place of publication Berlin ;
-- New York :
Name of publisher Walter de Gruyter,
Year of publication c2004.
300 ## - PHYSICAL DESCRIPTION
Number of Pages viii, 248 p. :
Other physical details ill.
490 1# - SERIES STATEMENT
Series statement IRMA lectures in mathematics and theoretical physics ;
650 #0 - SUBJECT ADDED ENTRY--TOPICAL TERM
Topical Term Infinite-dimensional manifolds.
Topical Term Infinite dimensional Lie algebras.
Topical Term Differential equations, Partial.
Topical Term Quantum field theory.
700 1# - ADDED ENTRY--PERSONAL NAME
Personal name Wurzbacher, Tilman,
856 40 - ELECTRONIC LOCATION AND ACCESS
Uniform Resource Identifier http://site.ebrary.com/lib/rucke/Doc?id=10197216

No items available.

© 2026 Rongo University
Contact us: librarian | system librarian | Rongo university